Sử dụng các kỹ thuật dạy học để tích hợp giáo dục bảo vệ môi trường cho học sinh trong môn tự nhiên và xã hội lớp 2,3 Luận văn thạc sĩ giáo dục học. Chuyên ngành:Giáo dục học (Giáo dục tiểu học). Mã số: 6014010101

Salvato in:
Dettagli Bibliografici
Autore principale: Nguyễn, Việt Hương
Altri autori: Dương, Huy Cẩn (Hướng dẫn)
Natura: Tesi Multimedia Libro
Lingua:Vietnamese
Pubblicazione: Đồng Tháp Đại học Đồng Tháp 2014
Soggetti:
Tags: Aggiungi Tag
Nessun Tag, puoi essere il primo ad aggiungerne! !
Thư viện lưu trữ: Trung tâm Học liệu Lê Vũ Hùng, Trường Đại học Đồng Tháp
LEADER 01440ppm a22003258a 4500
001 00033028
005 20171026081025.0
008 150324s2014 ||||||viesd
041 0 # |a vie 
082 1 4 |b S550D  |a 372.35 
100 1 # |a Nguyễn, Việt Hương 
245 0 0 |a Sử dụng các kỹ thuật dạy học để tích hợp giáo dục bảo vệ môi trường cho học sinh trong môn tự nhiên và xã hội lớp 2,3  |b Luận văn thạc sĩ giáo dục học. Chuyên ngành:Giáo dục học (Giáo dục tiểu học). Mã số: 6014010101  |c Nguyễn Việt Hương; Dương Huy Cẩn(hướng dẫn) 
260 # # |c 2014  |a Đồng Tháp  |b Đại học Đồng Tháp 
300 # # |a 99 tr.+ phụ lục  |c 30cm. 
500 # # |a ĐTTTS ghi: Bộ giáo dục và đào tạo. Trường Đại học Đồng tháp 
653 # # |a Giáo dục 
653 # # |a Bảo vệ môi trường 
653 # # |a Luận văn 
653 # # |a Tự nhiên và xã hội 
653 # # |a Tích hợp 
653 # # |a Tiểu học 
653 # # |a Sử dụng 
700 1 # |a Dương, Huy Cẩn  |e Hướng dẫn 
852 # # |j LV.0000527  |j LV.0001581 
852 # # |b Kho đọc SĐH  |j LV.0000527 
910 0 # |d 24/3/2015  |a kchi 
980 # # |a Trung tâm Học liệu Lê Vũ Hùng, Trường Đại học Đồng Tháp